000 01213naa a2200349 a 4500
003 CO-BoRNBP
005 20241001173915.0
007 ta
008 871021s1985 ck a r 00011 spa d
040 _aCO-BoBLA
_bspa
_cCO-BoBLA
041 0 _aspa
043 _as-ck---
082 0 4 _a398.23 M84a
_bM84a2
100 1 _aMújica Velásquez, Elisa,
_d1918-2003
_942592
240 0 0 _aSantander-Bibliografía regional
245 0 4 _aLas altas torres del humo :
_braíces del cuento popular en Colombia ; con catorce cuentos de Margarita /
_cElisa Mújica ; ilustraciones de Michi Peláez.
250 _a1a. edición
300 _a125 p. :
_bil. ;
_c24 cm.
336 _2rdacontent
_atexto
_btxt
337 _2rdamedia
_asin mediación
_bn
338 _2rdacarrier
_avolumen
_bnc
490 1 _aNueva biblioteca colombiana de cultura
504 _aIncluye bibliografía.
650 7 _aCuentos colombianos.
_2BLAAUTO
700 1 _aParra, Margarita.
_942593
700 1 _aPeláez, Michi,
_d1960-
_eil.
_942594
830 0 _aJorge Ortega Torres-Colección
_942595
830 0 _aDonación Cartagena-Colección
_942596
830 0 _aBernardo Ramírez-Colección 1
_942597
942 _2ddc
_cBK
949 _ac
_bc
999 _c38371
_d38371